| 000 | 01124nac a22002651u 4500 | ||
|---|---|---|---|
| 010 | _a00040689 | ||
| 020 | _a0071189335 | ||
| 082 | 0 | 0 |
_a658.514 _bB9544 |
| 090 |
_c1078 _d1078 |
||
| 100 | _aBurgelman, Robert A. | ||
| 245 | 1 | 0 |
_aStrategic management of technology and innovation / _cRobert A. Burgelman, Modesto A. Maidique, Steven C. Wheelwright. |
| 250 | _a3rd ed. | ||
| 260 |
_aBoston : _bMcGraw-Hill/Irwin, _cc2001. |
||
| 300 |
_axiii, 990 p. : _bill. ; _c26 cm. |
||
| 504 | _aIncludes bibliographical references and indexes. | ||
| 650 | 0 |
_aTechnological innovations _xManagement. |
|
| 650 | 0 |
_aNew products _xManagement. |
|
| 650 | 0 |
_aHigh technology industries _xManagement. |
|
| 700 | 1 | _aMaidique, Modesto A. | |
| 700 | 1 |
_aWheelwright, Steven C., _d1943- |
|
| 856 | 4 | 2 |
_3Publisher description _uhttp://www.loc.gov/catdir/description/mh021/00040689.html |
| 856 | 4 | 2 |
_3Table of contents _uhttp://www.loc.gov/catdir/toc/mh021/00040689.html |
| 942 |
_cBB _k658.514B9544 |
||
| 999 |
_c1078 _d1078 |
||